000 00439nam a2200181Ia 4500
001 17652
005 20260306171533.0
008 260306s9999||||xx |||||||||||||| ||und||
041 _aESP
082 _a658.15
_bA52
100 _aAmat Salas, Oriol
_eAUT
245 0 _aContabilidad y finanzas para no financieros
260 _c2001
300 _a187 páginas :
_c23 cm.
650 _aGEN
654 _aCAN
942 _cLIB
_dJUS
_fJUS
_2ddc
_n
999 _c17652
_d17652